Kozí válka /

Příběh o chlapecké partě v české vesnici po druhé světové válce.

Hlavní autor: Bárta, Václav, 1937-
Jazyk: Čeština
Vydáno: Praha : Naše vojsko, 2022
Témata:
Fyzický popis: 319 stran : ilustrace ; 22 cm
Knihy
Uloženo v:
LEADER 01826nam a2200361 i 4500
001 nkc20223418871
003 CZ PrNK
005 20220721081510.0
007 ta
008 220429s2022 xr a g 000 f cze
015 |a cnb003418871 
020 |a 978-80-206-1424-7  |q (vázáno) 
035 |a (OCoLC)1357139903 
040 |a ABG001  |b cze  |e rda 
072 7 |a 821.162.3-3  |x Česká próza  |2 Konspekt  |9 25 
080 |a 821.162.3-31  |2 MRF 
080 |a (0:82-31)  |2 MRF 
100 1 |a Bárta, Václav,  |d 1937-  |7 jk01010816  |4 aut 
245 1 0 |a Kozí válka /  |c Václav Bárta 
264 1 |a Praha :  |b Naše vojsko,  |c 2022 
300 |a 319 stran :  |b ilustrace ;  |c 22 cm 
336 |a text  |b txt  |2 rdacontent 
337 |a bez média  |b n  |2 rdamedia 
338 |a svazek  |b nc  |2 rdacarrier 
520 2 |a Příběh o chlapecké partě v české vesnici po druhé světové válce.  |b Mezi kluky horní a dolní části vsi na Plzeňsku probíhá válka. Zatímco druhá světová válka končí, klukovská pokračuje. V pětačtyřicátém roce osvobodí obec dvě armády. Spodní část sovětská armáda a horní americká. Kluci se s vojáky obou armád brzy skamarádí. Netrvá to dlouho a mladší příslušníci obou armád pomáhají svým kamarádům klukovskou válku vyhrát. Demarkační čára, která probíhá polovinou obce, má na svědomí řadu legračních i vážnějších příběhů. Vypráví je jedenáctiletý náčelník klukovské bandy z Fidlačky Vašek, řečený Bimbas. Nakladatelská anotace. 
655 7 |a české romány  |7 fd133974  |2 czenas 
655 9 |a Czech fiction  |2 eczenas 
910 2 |a BOA001  |b 2-1487.474 
920 |a 4648133  |z ABG001 
990 |a BK 
995 |a 01 
991 |b 202206  |c NOV 
996 6 |b 2610905649  |c 2-1487.474  |l MZK  |r Sklad / do 1 hodiny  |n 0  |p p.v.  |w 001889345  |u 000010  |a 1  |e BOA001  |j MZK50  |s P